000 00527nam a2200181 a 4500
005 20160405125809.0
008 030207s19uu xx 00 eng d
020 _a978-0-545-00103-8
050 _aER
_bDo72 2007
100 _aMehlhaff, Christine
245 _aDon't talk to strangers!
_cby Christine Mehlhaff illustrated by Kahti Ember.
260 _aNew York :
_bScholastic Inc.,
_c2007.
300 _a1 v. (unp.) ; ill.
650 _aManners--Fiction
650 _aChildren stories
942 _2ddc
999 _c104904
_d104904